000 00969nam a22003257a 4500
001 0005623
003 DO-SdBPM
005 20250409133510.0
007 0005623
008 160407b1992 sp a |||| 00| 0 spa d
020 _a8434813726
040 _6BPMSU
_8spa
_aBPMSU
_c
082 4 _a863.6
_bM425m 1992
_222
100 _aMateos, Pilar,
_d 1942-
245 1 0 _aMolinete /
_cPilar Mateos ; ilustraciones y cubierta José Luis Cortés.
250 _a11a. ed.
260 _aMadrid :
_bSM,
_c1992.
300 _a84 p. :
_bil. ;
_c19 cm.
490 0 _aEl barco de vapor ;
_a azul,
_v17
500 _3A partir de 7 años
521 _aA partir de 7 años.
586 _aPremio Lazarillo, 1982.
590 _aInventariado, 2025/VM
650 4 _aCuentos infantiles españoles
650 4 _aLiteratura infantil española
651 _2Lib
700 1 _aCortés, José Luis
_eilustración
910 _aVMateo V. Control de calidad. BPMSU
942 _2ddc
_cBK
999 _c9602
_d9602